00342nam a2200133Ia 4500008004100000041000800041082001200049100002600061245003900087250001400126260002500140300003200165365001100197240624s9999 xx 000 0 und d aeng a657 BHA aBHATTACHARYYA ASISH K aESSENTIALS OF FINANCIAL ACCOUNTING a(3rd ed.) c2012aNew DelhibPHI axxii, : 690 : p. : cm. ; 26 cRSb33